Where's that beer from? - Statistics

General Stats
  • This quiz has been taken 371 times
  • The average score is 16 of 26
Answer Stats
Hint Answer % Correct
Budweiser United States
95%
Guinness Ireland
92%
Peroni Italy
92%
Becks Germany
91%
Heineken Netherlands
90%
Sapporo Japan
89%
Tsingtao China
87%
Sol Mexico
87%
Foster's Australia
85%
Stella Artois Belgium
85%
Mahou Spain
85%
Carlsberg Denmark
80%
Baltika Russia
74%
Quilmes Argentina
68%
Aguila Colombia
53%
Cristal Peru
48%
Bucanero Cuba
45%
Castle Lager South Africa
43%
Paceña Bolivia
35%
Imperial Costa Rica
34%
Pilsener Ecuador
34%
Salva Vida Honduras
34%
Toña Nicaragua
30%
Gallo Guatemala
29%
Star Lager Nigeria
17%
Tango Algeria
6%
No matching quizzes found
Score Distribution
Percent of People with Each Score
Percentile by Number Answered
Your Score History
You have not taken this quiz